| 000 | 00626nam a2200205Ia 4500 | ||
|---|---|---|---|
| 008 | 191130s1994##################000#0#eng## | ||
| 020 | _a9780521350204 | ||
| 022 | _a93002129 | ||
| 040 |
_aACL _cACL |
||
| 082 | _a660.62 BEC | ||
| 100 | _aBecker, E. W | ||
| 245 |
_aMicroalgae : biotechnology and microbiology _cE.W. Becker |
||
| 260 |
_aCambridge _bCambridge University Press _c1994 |
||
| 300 | _avii, 293 p. : ill. ; 24 cm | ||
| 500 | _aIncludes bibliographical references (p. 281-290) and index | ||
| 650 | _aAlgae - Biotechnology | ||
| 990 | _a00e3c095ac10000c1909d791d66f3a59 | ||
| 991 | _a260219 | ||
| 999 |
_c9962 _d9962 |
||